000 00539cam a2200169 i 4500
005 20251214120142.0
008 250721s1972 jo gr 000 0 ara d
082 1 4 _a216,8
_bأ ح م
100 1 _aالحصري، أحمد
_eمؤلف.
245 1 2 _aالحدود والأشربة في الفقه الإسلامي /
_cأحمد الحصري.
264 3 1 _aعمان :
_bمكتبة الاقصى،
_c1972.
300 _a728 صفحة.
650 1 7 _aالإسلام.
650 1 7 _aالعقوبات.
942 _2ddc
_cBK
999 _c2313
_d2313